Регионална библиотека "Любен Каравелов" - Русе

Светлина от Изтока (Запис номер 348295)

MARC детайли
000 -Лидер
Контролно поле с фиксирана дължина 01840nam a2200409 a 4500
003 - Код на организацията, давaща контролен номер
Контролно поле BLK
005 - Дата и час на последна редакция
Контролно поле 20241223112210.0
008 - Елементи от данни с фиксирана дължина
fixed length control field 180411b bul|||||r ||||||| ||bul||
010 ## - Наследен системен номер
LC control number KNG00214368000
020 ## - Международен стандартен номер на книга ISBN
Международен стандартен номер на книга ISBN 9786197507072
040 ## - Източник на каталожния запис
Идентификатор на билиотеката - собственик на записа BLK
041 ## - Код за език
Код за езика на текст/звукозапис или на отделно заглавие Български
Код за езика КДБФ Български
072 #7 - Код за тематичната категория
Код организация bullib
Код за тематична категория Н84
Текст Българска художествена литература Н
080 ## - УДК
Текстов определител УДК Българска литература
УДК код - определител по УДК 821.163.2
УДК определител -992(086.76)
УДК - код + определител 821.163.2-992(086.76)
100 1# - Редна дума - Автор
Автор Бояджиева, Наталия Иванова
R(LIN) 350475
139 ## - Редно поле
Редна дума Бояджиева, Наталия Иванова
Авторски знак Боя - Б 73
245 10 - Сведения за заглавието
Заглавие Светлина от Изтока
Редно поле (дума) Наталия Бояджиева ; предг. Ивета К. Рашева
250 ## - Област на изданието
Сведения за изданието 2. прераб. изд.
257 ## - Страна на издаване
Страна на създаване/издаване България
260 ## - Област на издателските данни
Място на издаване, разпространение и проч. [София]
Име на издателя, разпространителя и проч. Екрие
Година на издаване 2019
9 (RLIN) 401270
Печатница ([София] : [Инвестпрес])
300 ## - Физическа характеристика
Страници 312 с.
Илюстрации и др. с ил.
Размери/Мащаб 21 см
380 ## - Жанр
Жанр Худож. лит.
490 ## - СЕРИИ (Колекции)
9 (RLIN) 453574
Име на серия Чудни пътешествия с Екрие
№: серия 1
500 ## - Общи забележки
Забележка 1. изд. 2016 на изд. Българи. - Биогр. данни за авт. отбелязани на гърба на кор. - Автограф с текст : На читателите на Регионална библиотека "Любен Каравелов" - за силата на духа! Желая чудни пътешествия! Наталия Бояджиева, 19.04.2023, Русе
852 ## - Местоположение
Фондова буква Заемна - подръчен фонд
Систематично-азбучна сигнатура П 886.7-9/Б 73
856 4# - Електронен адрес и достъп
Електронен формат pdf - файл
Инструкция (цена за достъп) 0.00
Права за достъп disable
856 4# - Електронен адрес и достъп
Електронен формат pdf - файл
Инструкция (цена за достъп) 0.00
Права за достъп disable
999 ## - СИСТЕМНИ КОНТРОЛНИ НОМЕРА
Koha biblionumber 348295
Koha biblioitemnumber 348295
942 ## - АРТИКУЛИ
Вид на библиотечния материал Книги
Скрит в OPAC Не
Периодичен библиозапис Да
Koha issues (borrowed), all copies 4
944 ## - СЪЗДАВАНЕ И РЕДАКЦИЯ на ЗАПИСА
Създаване/Редакция Създаване
Дата на регистрацията/редакция 2020-01-28
Служител, извършил регистрацията/редакцията 30576
Статус, дата на статуса Цветомила Тодорова
944 ## - СЪЗДАВАНЕ И РЕДАКЦИЯ на ЗАПИСА
Създаване/Редакция Редакция
Дата на регистрацията/редакция 2020-01-28
Служител, извършил регистрацията/редакцията К.Д.
999 ## - СИСТЕМНИ КОНТРОЛНИ НОМЕРА
Koha biblioitemnumber 348295
999 ## - СИСТЕМНИ КОНТРОЛНИ НОМЕРА
Koha biblioitemnumber 348295
999 ## - СИСТЕМНИ КОНТРОЛНИ НОМЕРА
Koha biblioitemnumber 348295
999 ## - СИСТЕМНИ КОНТРОЛНИ НОМЕРА
Koha biblioitemnumber 348295
999 ## - СИСТЕМНИ КОНТРОЛНИ НОМЕРА
Koha biblioitemnumber 204793
999 ## - СИСТЕМНИ КОНТРОЛНИ НОМЕРА
Koha biblioitemnumber 204793
Наличности
Код за отписване Код за изгубен артикул Източник на класификационната схема Код за повреда Коз за рестрикции Код за отдаване Артикулен № Име на библиотеката - собственик Име на библиотеката, в която се намира в момента Статус (Текущо местоположение) Дата на вписване в системата Местоположение - отдел Цена в лева Систематично азбучна сигнатура Баркод Цена в евро Служебен тип на артикула Номерация (Хронология) Инвентарен номер
  Не е изгубен Universal Decimal Classification Не е повреден без рестрикции заемане за дома 754709 Регионална библиотека "Любен Каравелов" Русе Регионална библиотека "Любен Каравелов" Русе Заемна - подръчен фонд 2020-01-28 Заемна - подръчен фонд 15.00 П 886.7-9/Б 73 120000842005 7.67 Книги    
  Не е изгубен Universal Decimal Classification Не е повреден само за читалня ползва се в читалня 802861 Регионална библиотека "Любен Каравелов" Русе Регионална библиотека "Любен Каравелов" Русе Хранилище 2020-10-06 Хранилище 20.00 Цб 304030 120000848861 10.23 Книги    
  Не е изгубен Universal Decimal Classification Не е повреден само за читалня ползва се в читалня 928880 Регионална библиотека "Любен Каравелов" Русе Регионална библиотека "Любен Каравелов" Русе Хранилище 2023-05-23 Основен фонд - ползва се само за читалня 20.00 Цб 304030 120000888119 10.23 Книги Автограф: Наталия Бояджиева 120000888119
Vip Innovations Ltd, Rousse, Bulgaria 2025